000
00344nam a22001577a 4500
003
MACL
005
20151223162157.0
008
151223b xxu||||| |||| 00| 0 eng d
040
_c
MACL
041
_a
English
082
_a
823/SAK
100
_a
Saki,S.
_9
22565
245
_a
Nothing At All
650
_a
Short Stories
_9
898
942
_2
ddc
_c
BK
999
_c
51755
_d
51755